Normal view
MARC view
- États-Unis
Entry Geographic Name
001 - CONTROL NUMBER
- control field: 94665
003 - CONTROL NUMBER IDENTIFIER
- control field: NUST
005 - DATE AND TIME OF LATEST TRANSACTION
- control field: 20220723160006.0
008 - FIXED-LENGTH DATA ELEMENTS
- fixed length control field: 220723|| aca||aabn | a|a d
040 ## - CATALOGING SOURCE
- Original cataloging agency: NUST
- Transcribing agency: NUST
151 ## - HEADING--GEOGRAPHIC NAME
- Geographic name: États-Unis
- General subdivision: Politique économique
- Chronological subdivision: 1971-1981
670 ## - SOURCE DATA FOUND
- Source citation: Work cat.: (NUST)0: Garten, Jeffrey E., 1946- author. 94653, Three days at Camp David :
